000 01776nam a2200289 a 4500
001 742465
008 140701c20049999||||||||||||||||| || u
010 _a99038908
020 _a0534417965
050 _aCD/QD 101.2 Sko
100 _aSkoog, Douglas A
245 1 0 _aAnalytical chemistry: interactive CD-ROM.-- 8th ed. [electronic resource]
_cDouglas A. Skoog
_h[cd-rom]
246 _aSkoog's analytical chemistry: interactive CD-ROM.-- 8th ed. [electronic resource]
250 _a8th ed.
260 _aPacific Grove, Cal.
_bBrooks/ Cole
_c2004
300 _a4 3/4 in.
490 _aSaunders golden sunburst series
650 0 _aCHEMISTRY, ANALYTIC - QUANTITATIVE
995 _ae-RESOURCES
_e20140050
_FCBU-MAIN LIBRARY (Kitwe)
_jCD/QD 101.2 Sko
_M1
_UAVAILABLE
_WJul 1, 2014
_y20140050
_Ze-Media Collection
995 _ae-RESOURCES
_e20142208
_FCBU-MAIN LIBRARY (Kitwe)
_jCD/QD 101.2 Sko
_M7
_UAVAILABLE
_WJun 28, 2016
_y20142208
_Ze-Media Collection
995 _ae-RESOURCES
_e20142311
_FCBU-MAIN LIBRARY (Kitwe)
_jCD/QD 101.2 Sko
_M5
_UAVAILABLE
_WMay 10, 2016
_y20142311
_Ze-Media Collection
995 _ae-RESOURCES
_e20141085
_FCBU-MAIN LIBRARY (Kitwe)
_jCD/QD 101.2 Sko
_M3
_UAVAILABLE
_WFeb 18, 2016
_y20141085
_Ze-Media Collection
995 _ae-RESOURCES
_e20142278
_FCBU-MAIN LIBRARY (Kitwe)
_jCD/QD 101.2 Sko
_M8
_UAVAILABLE
_WJul 26, 2016
_y20142278
_Ze-Media Collection
995 _ae-RESOURCES
_e20141194
_FCBU-MAIN LIBRARY (Kitwe)
_jCD/QD 101.2 Sko
_M4
_UAVAILABLE
_WApr 22, 2016
_y20141194
_Ze-Media Collection
995 _ae-RESOURCES
_e20162594
_FCBU-MAIN LIBRARY (Kitwe)
_jCD/QD 101.2 Sko
_M6
_UAVAILABLE
_WJun 23, 2016
_y20162594
_Ze-Media Collection
995 _ae-RESOURCES
_e20140052
_FCBU-MAIN LIBRARY (Kitwe)
_jCD/QD 101.2 Sko
_M2
_UAVAILABLE
_WJul 1, 2014
_y20140052
_Ze-Media Collection
999 _c83934
_d83934